000 00400pab a2200157 454500
008 180718b2007 xxu||||| |||| 00| 0 eng d
100 _aSahoo, P.K.
245 _aRelevance of Chinese experiences on open distance learning system to India
260 _c2007
300 _ap.3-5.
362 _a12 Mar
650 _aDistance education
773 _aUniversity News
908 _aN
909 _a73549
999 _c73549
_d73549